[Event "Reykjavik Chess Congress 2019"]
[Site "Reykjavik"]
[Date "2019.01.13"]
[Round "3"]
[White "Einarsson, Oskar Long"]
[Black "Kjartansson, Gudmundur"]
[Result "0-1"]
[WhiteElo "1743"]
[BlackElo "2424"]
[Annotator "TA"]
[PlyCount "76"]
[EventDate "2019.01.09"]
[EventType "swiss"]
[EventCountry "ISL"]
[SourceTitle "playchess.com"]
[Source "ChessBase"]
[SourceQuality "1"]

{[%evp 11,76,4,4,8,8,8,17,-20,25,19,27,14,14,0,0,0,8,-10,-11,-26,0,-26,-6,-16,-8,-30,-21,-20,-19,-71,-23,-22,-16,-314,-296,-303,-303,-302,-298,-310,-303,-301,-307,-334,-337,-385,-361,-439,-288,-322,-323,-511,-493,-541,-501,-488,-424,-427,-404,-397,-427,-437,-405,-570,-583,-702,-709]} 1. e4 c6 2. d4 d5 3. e5 c5 4. c3 Nc6 5. Nf3 cxd4 (5... Bg4 6. Be2 e6 7. Nbd2 Rc8 8. O-O a6 9. h3 Bh5 10. Re1 Bg6 11. Nf1 cxd4 12. Nxd4 Nxd4 13. Qxd4 Ne7 14. Bg5 {0-1 (36) Yuffa,D (2534)-Romanov,E (2619) Sochi 2016}) 6. cxd4 {B12: Caro-Kann: Advance Variation} Bg4 {LiveBook: 5 Games} 7. Be2 e6 8. O-O {The position is equal.} Nge7 {[%cal Bg8e7,Be7c8,Bc8b6][%mdl 32]} 9. Be3 Nc8 $146 ({Predecessor:} 9... Nf5 10. Nbd2 Be7 11. h3 Bh5 12. Qb3 Qb6 13. Qxb6 axb6 {1-0 (32) Xu,H (2105)-Li,X (2190) China 2015}) 10. a3 Be7 11. h3 Bh5 12. b4 O-O 13. Nbd2 Nb6 14. Rc1 Rc8 15. Qb3 Qd7 16. Rc3 Rc7 17. Rfc1 Rfc8 18. Bd3 Bg6 {Threatening ...Bxd3.} 19. Bxg6 hxg6 20. Qc2 (20. Ne1 $11) 20... a6 21. Ne1 Bd8 22. Nd3 $2 {[%mdl 8192] [#]} (22. Qb3 $11) 22... Nxb4 $1 $19 {[%mdl 576] Discovered Attack} 23. Rxc7 (23. axb4 Rxc3) 23... Rxc7 (23... Nxc2 $2 {loses.} 24. Rxd7 Nxd7 25. Ne1 $18) 24. Qb3 {And now Rxc7 would win.} Nxd3 25. Rxc7 Qxc7 26. Qxd3 Be7 27. Qb3 Qc6 28. Nb1 Nc4 29. a4 Qb6 30. Qc2 Qb2 31. Qd3 (31. Qxb2 $142 Nxb2 32. Nc3) 31... Bb4 32. Kh2 Qa2 33. Qd1 Nb6 34. Qc1 Qc4 35. Qd1 Ba5 36. Na3 Qxa4 37. Qc1 (37. Qxa4 $142 Nxa4 38. Kg3) 37... Nc4 38. Nc2 b5 {Accuracy: White = 31%, Black = 71%.} 0-1

[Event "Reykjavik Chess Congress 2019"]
[Site "Reykjavik"]
[Date "2019.01.16"]
[Round "4"]
[White "Gretarsson, Hjorvar Steinn"]
[Black "Kristinsson, Ogmundur"]
[Result "1-0"]
[WhiteElo "2560"]
[BlackElo "1988"]
[Annotator "TA"]
[PlyCount "78"]
[EventDate "2019.01.09"]
[EventType "swiss"]
[EventCountry "ISL"]
[SourceTitle "playchess.com"]
[Source "ChessBase"]
[SourceQuality "1"]

{[%evp 11,78,18,19,31,30,24,29,23,16,16,16,22,17,0,46,33,65,54,63,37,72,81,60,22,22,22,24,18,18,25,18,19,27,27,27,0,38,23,39,46,92,77,82,85,85,63,137,103,93,0,33,33,33,33,33,33,33,33,58,33,33,33,85,52,547,541,562,564,555]} 1. c4 e6 2. Nf3 {[%cal Bg1f3,Bf3e5,Be5c6][%mdl 32]} d5 3. d4 Nf6 4. g3 b6 5. Bg2 Bb7 6. cxd5 exd5 {LiveBook: 29 Games} 7. Ne5 {E16: Queen's Indian: 4 g3 Bb7 5 Bg2 Bb4+} (7. O-O Bd6 8. Nc3 O-O 9. Bg5 Nbd7 10. Nb5 Be7 11. Bf4 c5 12. Rc1 Bc6 13. Nc3 Rc8 14. Ne5 Ba8 15. dxc5 Nxc5 16. Nb5 a6 {0-1 (35) Jumabayev,R (2609)-Moiseenko,V (2528) St Petersburg 2016}) 7... Bb4+ $146 ({Predecessor:} 7... Be7 8. Qa4+ c6 9. Nc3 O-O 10. O-O b5 11. Qc2 Qb6 12. Rd1 Rd8 13. Bg5 h6 14. Bxf6 Bxf6 15. e3 a5 16. Rac1 Bxe5 17. dxe5 Nd7 18. Qf5 {1-0 (36) Boettcher,P (2169)-Scheide,H (1992) Kreuzberg 2016}) 8. Bd2 Bxd2+ 9. Nxd2 {White has an edge.} O-O 10. Rc1 Nbd7 11. Nc6 Qe8 12. O-O a5 (12... Qe6 $5 {[%cal Rb7c6]} 13. Nb4 Qd6 $11) 13. Re1 {Threatens to win with e4.} Ne4 14. Nxe4 dxe4 15. Qc2 Nf6 16. e3 Qe6 17. a3 (17. d5 $5 {[%cal Rd5e6]} Qe8 18. Red1 $16) 17... Rfe8 18. Bf1 g6 19. Qa4 Kg7 20. Rc2 h5 21. h4 Qf5 22. Qb5 Qe6 23. Qa4 Qf5 24. Rec1 Re6 25. Qb5 Rxc6 26. Rxc6 Qxb5 27. Bxb5 Bxc6 28. Bxc6 $14 {[%mdl 4096] Endgame KRB-KRN} Ra7 ({Black should try} 28... Rd8 $14) 29. Rc4 Kf8 30. Ra4 (30. Kg2 $16) 30... Ke7 (30... Nd5 $5) 31. b4 Kd6 32. b5 Nd5 33. Rc4 a4 $1 34. Kf1 f5 35. Ke1 Ne7 36. Kd2 Ra5 (36... Ke6 $14) 37. Kc3 $16 Nxc6 $2 {[%mdl 8192] [#]} ({Black should play} 37... Ke6 $14) 38. Rxc6+ $18 Kd5 39. Kb4 Ra7 {Accuracy: White = 71%, Black = 48%.} 1-0

[Event "Reykjavik Chess Congress 2019"]
[Site "Reykjavik"]
[Date "2019.01.16"]
[Round "4"]
[White "Kjartansson, David"]
[Black "Bergsson, Stefan"]
[Result "1-0"]
[WhiteElo "2403"]
[BlackElo "2172"]
[Annotator "TA"]
[PlyCount "23"]
[EventDate "2019.01.09"]
[EventType "swiss"]
[EventCountry "ISL"]
[SourceTitle "playchess.com"]
[Source "ChessBase"]
[SourceQuality "1"]

{[%evp 17,23,33,29,22,45,0,481,466]} 1. e4 e5 2. Nf3 Nc6 3. Bb5 f5 4. d3 fxe4 5. dxe4 Nf6 6. O-O Bc5 7. Nc3 d6 8. Bg5 O-O 9. Nd5 Be6 {LiveBook: 3 Games. C63: Ruy Lopez: Schliemann/Jaenisch Defence} (9... Kh8 10. c3 Ne7 11. Nxf6 gxf6 12. Be3 Bxe3 13. fxe3 Ng6 14. Nd2 c6 15. Bd3 Be6 16. Rf2 Qb6 17. Nf1 Rf7 18. Qh5 {0-1 (69) Anand,V (2817)-Ivanchuk,V (2765) Sao Paulo/Bilbao 2011 CBM 145 [Moradiabadi,E]}) 10. c3 Ne7 11. Bc4 {Bxf6 is the strong threat.} Qd7 $146 {[%mdl 8192] [#]} (11... Nfxd5 $11 12. Bxd5 Bxd5 13. Bxe7 Qxe7 14. Qxd5+ Kh8) ({Predecessor:} 11... Nexd5 12. Bxd5 Bxd5 13. Bxf6 Qxf6 14. Qxd5+ Kh8 15. b4 Bb6 16. Rad1 {0-1 (37) Hairetis,I (1836)-Bhakti,K (2295) Heraklion 2018}) 12. Nxe5 $1 {[%mdl 512]} 1-0

[Event "Reykjavik Chess Congress 2019"]
[Site "Reykjavik"]
[Date "2019.01.16"]
[Round "4"]
[White "Bjornsson, Sigurbjorn"]
[Black "Ptacnikova, Lenka"]
[Result "1-0"]
[WhiteElo "2296"]
[BlackElo "2187"]
[Annotator "TA"]
[PlyCount "75"]
[EventDate "2019.01.09"]
[EventType "swiss"]
[EventCountry "ISL"]
[SourceTitle "playchess.com"]
[Source "ChessBase"]
[SourceQuality "1"]

{[%evp 18,75,15,7,64,41,78,85,156,156,161,167,170,159,166,160,123,141,126,142,168,154,207,172,156,143,321,314,313,196,268,270,544,537,601,606,600,601,529,433,442,441,433,434,415,433,409,392,589,589,589,589,586,585,570,560,29987,29988,29988,1223]} 1. e4 c5 2. Nf3 e6 3. d4 cxd4 4. Nxd4 a6 5. c4 Nf6 6. Nc3 Bb4 7. Bd3 Nc6 8. Nde2 Qc7 {B41: Sicilian: Kan Variation: 5 c4} 9. O-O Ne5 10. h3 {LiveBook: 6 Games} (10. Bf4 Bd6 11. Bxe5 Bxe5 12. f4 Bd6 13. e5 Bc5+ 14. Kh1 Ng4 15. Qe1 f5 16. exf6 Nxf6 {1-0 (24) Bjornsson,S (2316)-Ptacnikova,L (2259) Reykjavik 2008}) 10... h5 $146 ({Black should play} 10... O-O $11) ({Predecessor:} 10... b6 11. Bf4 Bd6 12. Bg5 Bb7 13. Rc1 h6 14. Be3 g5 15. a3 Bc5 16. Qd2 {½-½ (52) Shabalov,A (2624)-Landa,K (2550) playchess.com INT 2004}) 11. f4 $14 Nxc4 12. e5 Nd5 (12... Ng8 $142) 13. Nxd5 $16 exd5 14. Kh1 b5 15. a4 Bb7 16. axb5 axb5 17. Rxa8+ Bxa8 18. b3 Qb7 19. Nd4 {[%cal Be2d4,Bd4f5,Bf5g7,Bg7f5][%mdl 32]} Bc5 (19... Qb6 $16) 20. Be2 $18 Qb6 21. Nf5 Ne3 $2 (21... g6 $16) 22. Bxe3 ({Not} 22. Nxg7+ Kd8 $16) 22... Bxe3 23. Nxg7+ Kf8 (23... Kd8 $142) 24. Nf5 ({Weaker is} 24. Nxh5 d4 $16) 24... Bc5 $2 (24... d4 25. Bf3 (25. Bxh5 Be4 $16) 25... Bxf3 26. Rxf3 (26. Qxf3 Qc6 $16) 26... Ke8 27. Nd6+ Ke7) 25. Qa1 Bb7 {[#]} 26. e6 $1 {[%cal Ra1h8][%mdl 512]} d4 (26... Qxe6 27. Qxh8#) 27. exd7 Be4 {[#]} 28. Bd3 $1 {[%mdl 512]} Bxf5 (28... Bxd3 29. Qa8+) 29. Bxf5 Be7 30. Re1 Qd6 31. Qa8+ Kg7 32. Qf3 Rd8 (32... h4 $142 33. Rc1 Bd8) 33. Qxh5 {Qh7+ would kill now.} Rh8 34. Qg4+ Kf8 35. Rc1 {White wants to mate with Rc8+.} Bd8 36. Rc8 Ke7 37. Qe2+ Kf6 {[#]} 38. Qe4 {Accuracy: White = 81%, Black = 34%.} (38. Rc6 $142 $1 {[%mdl 512]} Kg7 (38... Qxc6 39. Qe5#) 39. Rxd6 Kf8 40. Qe5 Kg8 {[#]} 41. Bg6 $1 {[%mdl 512]} f6 42. Qe8+ Kg7 43. Qf7+ Kh6 44. Bf5 Bc7 45. Rxf6#) 1-0

[Event "Reykjavik Chess Congress 2019"]
[Site "Reykjavik"]
[Date "2019.01.16"]
[Round "4"]
[White "Omarsson, Dadi"]
[Black "Baldvinsson, Loftur"]
[Result "1-0"]
[WhiteElo "2252"]
[BlackElo "1925"]
[Annotator "TA"]
[PlyCount "60"]
[EventDate "2019.01.09"]
[EventType "swiss"]
[EventCountry "ISL"]
[SourceTitle "playchess.com"]
[Source "ChessBase"]
[SourceQuality "1"]

{[%evp 12,60,38,38,49,41,67,48,51,27,64,63,70,82,74,75,78,31,30,24,31,50,54,21,38,0,95,62,61,39,71,67,87,85,98,99,111,118,151,153,170,152,355,355,433,436,1249,1233,1327,1318,1210]} 1. e4 e5 2. Nf3 Nc6 3. Bb5 a6 4. Ba4 g6 5. c3 Bg7 6. d4 {C70: Ruy Lopez: 3...a6 4 Ba4, Norwegian and Delayed Schliemann} b5 7. Bc2 {LiveBook: 4 Games} (7. Bb3 exd4 8. cxd4 d6 9. h3 Nf6 10. O-O O-O 11. Re1 Bb7 12. Nbd2 Nb4 13. Nf1 {0-1 (33) Hansen,E (2629)-Anand,V (2771) Batumi 2018}) 7... d6 8. h3 {White is slightly better.} Nge7 9. O-O O-O 10. Be3 f5 11. dxe5 $146 ({Predecessor:} 11. exf5 Nxf5 12. Bg5 Qe8 13. Re1 Be6 14. d5 h6 15. Bc1 Bxd5 16. Qxd5+ {1-0 (27) Anton,T (1605)-Petre,M Sovata 2001}) 11... Nxe5 12. Nxe5 Bxe5 13. Bh6 Re8 14. Bb3+ Kh8 $1 15. Bf7 {Threatens to win with f4.} fxe4 16. Bxe8 Qxe8 17. Re1 Nf5 18. Bc1 Nh4 (18... Bb7 $11) 19. Bg5 Nf5 $1 20. Qd5 Bd7 21. Qxe4 ({But not} 21. Rxe4 Bc6 $15) 21... Bc6 22. Qe2 Qf7 23. Nd2 h6 {[#]} 24. Be3 $1 (24. f4 Bg7 $17) 24... Nh4 25. f3 ({Inferior is} 25. Bxh6 Nxg2 26. Red1 Nf4 $15) 25... Re8 26. Qd3 ({Don't take} 26. Bxh6 $6 Kh7 $16) 26... Rf8 $2 (26... g5 $16 27. Bd4 Ng6) 27. Bxh6 $18 Rg8 28. Bg5 {White is clearly winning.} Qh7 {[#]} (28... Bf6 $142 29. Bxf6+ Qxf6) 29. Rxe5 $1 {[%mdl 64] Remove Defender} dxe5 30. Bf6+ {[%mdl 64] Double Attack} Rg7 {Accuracy: White = 64%, Black = 24%.} 1-0

[Event "Reykjavik Chess Congress 2019"]
[Site "Reykjavik"]
[Date "2019.01.16"]
[Round "4"]
[White "Olafsson, Thorvardur"]
[Black "Stefansson, Vignir Vatnar"]
[Result "0-1"]
[WhiteElo "2199"]
[BlackElo "2248"]
[Annotator "TA"]
[PlyCount "64"]
[EventDate "2019.01.09"]
[EventType "swiss"]
[EventCountry "ISL"]
[SourceTitle "playchess.com"]
[Source "ChessBase"]
[SourceQuality "1"]

{[%evp 27,64,42,38,0,4,-18,-13,-22,-30,-152,-150,-140,-143,-146,-131,-189,-158,-160,-124,-114,-114,-202,-202,-202,-204,-196,-189,-200,-200,-216,-227,-217,-219,-204,-195,-319,-305,-394,-379]} 1. e4 d6 2. d4 Nf6 3. Nc3 e5 4. Nf3 Nbd7 5. Bc4 Be7 6. a4 O-O 7. O-O a5 8. h3 c6 9. Re1 h6 10. Ba2 Re8 11. Be3 {C41: Philidor Defence} Qc7 12. Qd3 Nf8 13. Qc4 Bd8 14. Rad1 Ng6 {[#] LiveBook: 4 Games} 15. dxe5 $146 ({Predecessor:} 15. d5 Ra6 16. dxc6 bxc6 17. Rd2 Ra8 18. Qd3 {1-0 (83) Hovhannisyan,R (2610)-Vorobiov,E (2598) St Petersburg 2012}) 15... dxe5 16. Qd3 Be7 {[%cal Bd8e7,Be7b4,Bb4f8,Bf8g7][%mdl 32]} 17. Qd2 Bb4 18. Bxh6 (18. Qd3 $11 {remains equal.}) 18... gxh6 $17 19. Qxh6 Be6 20. Bxe6 Rxe6 21. Ng5 (21. g3 $17 {was worth a try.}) 21... Ree8 {[#] ...Bf8 is the strong threat.} 22. Nf3 Bf8 23. Qg5 Bg7 24. Nh4 (24. h4 $17 Nf4 25. Qf5) 24... Nh7 $19 25. Qg3 Nxh4 26. Qxh4 Re6 27. Rd3 Rh6 28. Qg4 Rg6 29. Qf5 {next Rd7 is good for White.} Qb6 {[#] White must now prevent ...Rf6.} 30. Nd1 Nf8 {[%cal Bh7f8,Bf8e6,Be6f4][%mdl 32]} 31. Ree3 (31. Ne3 $142) 31... Ne6 32. Rg3 Nf4 {Precision: White = 33%, Black = 93%.} 0-1

[Event "Reykjavik Chess Congress 2019"]
[Site "Reykjavik"]
[Date "2019.01.16"]
[Round "4"]
[White "Ingvason, Johann"]
[Black "Kjartansson, Gudmundur"]
[Result "1/2-1/2"]
[WhiteElo "2175"]
[BlackElo "2424"]
[Annotator "TA"]
[PlyCount "106"]
[EventDate "2019.01.09"]
[EventType "swiss"]
[EventCountry "ISL"]
[SourceTitle "playchess.com"]
[Source "ChessBase"]
[SourceQuality "1"]

{[%evp 12,106,21,18,20,-1,23,-19,7,-1,-3,-22,-2,-36,-25,-33,-26,-39,0,0,0,0,0,-22,0,0,0,-15,-9,-45,-12,-18,28,22,257,31,31,25,31,22,35,7,10,7,8,6,10,10,10,10,10,10,10,10,10,10,12,12,15,0,0,0,0,0,0,0,0,0,0,0,8,0,0,-8,-8,-8,-8,-8,-8,-8,-8,-8,-8,-8,-8,-8,-8,-8,-8,-8,-8,-8,-8,-8,-8,-8,-8]} 1. e4 e5 2. d4 exd4 3. Qxd4 Nc6 4. Qe3 Nf6 5. Nc3 Be7 6. Bd2 O-O {C22: Centre Game} (6... d5 7. Nxd5 Nxd5 8. exd5 Qxd5 9. Ne2 O-O 10. Nf4 Qc5 11. O-O-O Bf5 12. Qxc5 Bxc5 13. Bd3 Bxd3 14. Nxd3 Bb6 15. Rhe1 Rfe8 16. c3 Kf8 {½-½ (60) Artemiev,V (2704)-Fedoseev,V (2706) Poikovsky 2018}) 7. O-O-O {LiveBook: 5 Games} Re8 8. Bc4 d6 9. f3 a6 $146 ({Predecessor:} 9... Ne5 10. Bb3 a6 11. g4 c5 12. Bd5 Rb8 13. Nge2 b5 14. g5 Nxd5 15. Nxd5 Nc4 16. Nxe7+ Qxe7 {1-0 (50) Gartside,C (1803)-Smith,M (1362) Aberystwyth 2014}) 10. Nge2 b5 11. Bb3 Na5 12. Nd5 Nxb3+ 13. Qxb3 Nxd5 14. exd5 Bf6 15. Rhe1 Qd7 16. Bc3 {With the idea Bxf6.} Bg5+ 17. Kb1 Bb7 18. Ng3 Rxe1 19. Rxe1 Re8 20. Rxe8+ Qxe8 21. a4 Qe3 22. axb5 Qc1+ 23. Ka2 Qd1 24. Ba5 {bxa6 is the strong threat.} axb5 25. Qxb5 {[%cal Rb5e8]} Qxd5+ {[%mdl 64] [#] Double Attack} 26. c4 {[%cal Rb5e8]} Qxb5 {The position is equal.} 27. cxb5 $11 {[%mdl 4096] Endgame KBB-KBN} c6 28. Ne4 Bf4 29. g3 f5 30. bxc6 Bxc6 31. gxf4 fxe4 32. fxe4 Bxe4 {KB-KB} 33. Bc7 d5 34. Be5 Kf7 35. Bd4 g6 36. Kb3 Ke6 37. Kb4 Kf5 38. Kc5 Bf3 39. b4 Ke4 40. b5 Be2 41. Bc3 d4 42. Bxd4 Bxb5 43. Bg7 Bd7 44. Bh6 Bh3 45. Kd6 Kf3 46. Ke5 Kg2 47. Kf6 Kxh2 48. Kg7 Bf5 49. Kxh7 g5+ {[%cal Bg6g5,Bg5g4,Bg4g3,Bg3g2][%mdl 32]} 50. Kh8 g4 51. Bg7 g3 52. Bd4 g2 53. Kg7 Kg3 {Accuracy: White = 79%, Black = 73%.} 1/2-1/2

[Event "Reykjavik Chess Congress 2019"]
[Site "Reykjavik"]
[Date "2019.01.20"]
[Round "5"]
[White "Bjornsson, Sigurbjorn"]
[Black "Kjartansson, David"]
[Result "0-1"]
[WhiteElo "2296"]
[BlackElo "2403"]
[Annotator "ChessBase"]
[PlyCount "78"]
[EventDate "2019.01.09"]
[EventType "swiss"]
[EventCountry "ISL"]
[SourceTitle "playchess.com"]
[Source "ChessBase"]
[SourceQuality "1"]
[TimeControl "40/5400+30:900+30"]

1. e4 {[%emt 0:00:00]} c5 {[%emt 0:02:57]} 2. Nf3 {[%emt 0:00:00]} Nc6 {[%emt 0:00:41]} 3. d4 {[%emt 0:00:00]} cxd4 {[%emt 0:00:08]} 4. Nxd4 {[%emt 0:00:00]} Qb6 {[%emt 0:01:04]} 5. Nb3 {[%emt 0:00:05]} Nf6 {[%emt 0:00:42]} 6. Nc3 {[%emt 0:00:28]} e6 {[%emt 0:00:33]} 7. Qe2 {[%emt 0:00:51]} Bb4 {[%emt 0:01:35]} 8. Bd2 {[%emt 0:00:04]} a5 {[%emt 0:04:06]} 9. a3 {[%emt 0:03:48]} Bxc3 {[%emt 0:10:26]} 10. Bxc3 {[%emt 0:00:11]} e5 {[%emt 0:00:36]} 11. O-O-O {[%emt 0:12:20]} O-O {[%emt 0:00:42]} 12. g4 {[%emt 0:02:08]} d6 {[%emt 0:09:13]} 13. g5 {[%emt 0:09:58]} Ne8 {[%emt 0:02:05]} 14. h4 {[%emt 0:07:25]} Be6 {[%emt 0:00:41]} 15. f4 {[%emt 0:09:36]} Rc8 {[%emt 0:13:41]} 16. Kb1 {[%emt 0:05:59]} exf4 {[%emt 0:17:34]} 17. Nd4 {[%emt 0:10:13]} Ne5 {[%emt 0:15:26]} 18. Qd2 {[%emt 0:05:32]} Ra8 {[%emt 0:15:44]} 19. Nf5 {[%emt 0:09:50]} Bxf5 {[%emt 0:00:32]} 20. exf5 {[%emt 0:00:10]} Qc6 {[%emt 0:00:39]} 21. Rh3 {[%emt 0:07:51]} Qe4 {[%emt 0:00:40]} 22. f6 {[%emt 0:02:48]} gxf6 {[%emt 0:00:25]} 23. Bd3 {[%emt 0:01:09]} Nxd3 {[%emt 0:00:23]} 24. Rxd3 {[%emt 0:00:37]} Ng7 {[%emt 0:00:50]} 25. Re1 {[%emt 0:01:39]} Qf5 {[%emt 0:00:24]} 26. Rd5 {[%emt 0:01:09]} Qg4 {[%emt 0:00:19]} 27. Qd4 {[%emt 0:00:55]} Nh5 {[%emt 0:00:33]} 28. Rg1 {[%emt 0:03:09]} Qxh4 {[%emt 0:00:26]} 29. Rxd6 {[%emt 0:03:07]} Rac8 {[%emt 0:00:47]} 30. Bxa5 {[%emt 0:02:39]} Rfe8 {[%emt 0:00:17]} 31. Bc3 {[%emt 0:00:16]} Rxc3 {[%emt 0:00:43]} 32. Qxc3 {[%emt 0:00:30]} fxg5 {[%emt 0:00:14]} 33. Qa5 {[%emt 0:01:07]} Ng3 {[%emt 0:00:16]} 34. Rgd1 {[%emt 0:00:24]} Ne4 {[%emt 0:00:58]} 35. Rd8 {[%emt 0:00:28]} Rxd8 {[%emt 0:00:14]} 36. Rxd8+ {[%emt 0:00:03]} Kg7 {[%emt 0:00:05]} 37. Qe5+ {[%emt 0:01:12]} Nf6 {[%emt 0:00:04]} 38. Rd6 {[%emt 0:00:14]} Qh6 {[%emt 0:00:23]} 39. Rd5 {[%emt 0:00:30]} Qh1+ {[%emt 0:00:13]} 0-1

[Event "Reykjavik Chess Congress 2019"]
[Site "Reykjavik"]
[Date "2019.01.20"]
[Round "5"]
[White "Stefansson, Vignir Vatnar"]
[Black "Ingvason, Johann"]
[Result "1-0"]
[WhiteElo "2248"]
[BlackElo "2175"]
[Annotator "ChessBase"]
[PlyCount "74"]
[EventDate "2019.01.09"]
[EventType "swiss"]
[EventCountry "ISL"]
[SourceTitle "playchess.com"]
[Source "ChessBase"]
[SourceQuality "1"]
[TimeControl "40/5400+30:900+30"]

1. d4 {[%emt 0:00:00]} Nf6 {[%emt 0:00:00]} 2. c4 {[%emt 0:00:00]} c5 {[%emt 0:00:00]} 3. d5 {[%emt 0:00:00]} b5 {[%emt 0:00:00]} 4. cxb5 {[%emt 0:00:02]} a6 {[%emt 0:00:03]} 5. Nc3 {[%emt 0:03:30]} g6 {[%emt 0:02:50]} 6. e4 {[%emt 0:06:20]} d6 {[%emt 0:02:56]} 7. Nf3 {[%emt 0:05:04]} Bg7 {[%emt 0:03:03]} 8. Be2 {[%emt 0:12:33]} O-O {[%emt 0:03:27]} 9. O-O {[%emt 0:04:22]} axb5 {[%emt 0:10:34]} 10. Bxb5 {[%emt 0:00:06]} Qa5 {[%emt 0:00:23]} 11. Nd2 {[%emt 0:01:14]} Ba6 {[%emt 0:02:14]} 12. Nc4 {[%emt 0:02:25]} Qc7 {[%emt 0:00:23]} 13. Qe2 {[%emt 0:05:09]} Nbd7 {[%emt 0:13:50]} 14. Bd2 {[%emt 0:03:40]} Nh5 {[%emt 0:16:17]} 15. a4 {[%emt 0:01:28]} Bd4 {[%emt 0:13:37]} 16. Bxa6 {[%emt 0:05:48]} Rxa6 {[%emt 0:00:43]} 17. Nb5 {[%emt 0:00:05]} Qb7 {[%emt 0:06:09]} 18. Nxd4 {[%emt 0:02:22]} cxd4 {[%emt 0:00:02]} 19. b4 {[%emt 0:00:20]} Ne5 {[%emt 0:00:21]} 20. Nxe5 {[%emt 0:03:41]} dxe5 {[%emt 0:00:03]} 21. b5 {[%emt 0:00:10]} Rb6 {[%emt 0:03:09]} 22. Rfb1 {[%emt 0:02:12]} Rb8 {[%emt 0:00:06]} 23. Rb3 {[%emt 0:04:54]} f5 {[%emt 0:02:44]} 24. f3 {[%emt 0:07:13]} fxe4 {[%emt 0:04:54]} 25. fxe4 {[%emt 0:00:18]} Rf6 {[%emt 0:02:15]} 26. a5 {[%emt 0:01:28]} Qa7 {[%emt 0:03:49]} 27. Qd3 {[%emt 0:00:20]} Qa8 {[%emt 0:01:36]} 28. Bg5 {[%emt 0:01:49]} Nf4 {[%emt 0:00:36]} 29. Bxf4 {[%emt 0:00:07]} Rxf4 {[%emt 0:00:13]} 30. b6 {[%emt 0:03:33]} Rf6 {[%emt 0:04:03]} 31. Rbb1 {[%emt 0:00:12]} Kg7 {[%emt 0:00:38]} 32. Qb5 {[%emt 0:00:40]} h5 {[%emt 0:01:01]} 33. Rc1 {[%emt 0:00:43]} Rb7 {[%emt 0:01:11]} 34. Rc6 {[%emt 0:03:36]} Rf4 {[%emt 0:00:09]} 35. a6 {[%emt 0:01:21]} Rxe4 {[%emt 0:01:02]} 36. Qb1 {[%emt 0:00:18]} d3 {[%emt 0:01:42]} 37. axb7 {[%emt 0:00:52]} Ra4 {[%emt 0:01:49]} 1-0